Bradley International Airport Destinations (Hartford, CT, USA) - Statistics

General Stats
  • This quiz has been taken 110 times
    57 since last reset
  • The average score is 32 of 45
Answer Stats
Airline Destination % Correct
Delta Air Lines/Frontier Airlines Atlanta
98%
American Airlines Charlotte
98%
Southwest Airlines Chicago (Midway)
98%
American Airlines/American Eagle/United Airlines/United Express Chicago (O'Hare)
98%
Breeze Airways/Frontier Airlines/JetBlue/Southwest Airlines/Spirit Airlines Orlando
98%
American Airlines Dallas/Fort Worth
95%
American Airlines/Frontier Airlines/JetBlue Miami
95%
Southwest Airlines/United Airlines Denver
93%
Delta Air Lines/Spirit Airlines Detroit
93%
American Airlines/American Eagle Philadelphia
93%
United Airlines/United Express Washington (Dulles)
93%
American Airlines/American Eagle Washington (National)
93%
Breeze Airways/Frontier Airlines/JetBlue/Southwest Airlines/Spirit Airlines Tampa
90%
Southwest Airlines Baltimore
88%
JetBlue Los Angeles
88%
Delta Air Lines/Sun Country Airlines Minneapolis/St. Paul
88%
JetBlue New York (JFK)
88%
JetBlue/Southwest Airlines/Spirit Airlines Fort Lauderdale
85%
Breeze Airways Charleston (SC)
83%
Breeze Airways/JetBlue/Southwest Airlines Fort Myers
83%
Breeze Airways Pittsburgh
83%
Breeze Airways Las Vegas
80%
Breeze Airways/Frontier Airlines Raleigh/Durham
80%
Southwest Airlines/Spirit Airlines Nashville
78%
Breeze Airways Jacksonville (FL)
76%
Breeze Airways Cincinnati
71%
Breeze Airways Columbus (Glenn)
71%
Aer Lingus Dublin
71%
Breeze Airways Phoenix (Sky Harbor)
71%
Breeze Airways Richmond
63%
Breeze Airways Savannah
63%
Breeze Airways Wilmington (NC)
63%
Breeze Airways Sarasota
61%
Breeze Airways/Spirit Airlines Myrtle Beach
59%
Frontier Airlines/JetBlue/Spirit Airlines San Juan
51%
JetBlue West Palm Beach
51%
Breeze Airways Norfolk
49%
Avelo Airlines Cancún
39%
Breeze Airways Daytona Beach
39%
Breeze Airways Greenville/Spartanburg
32%
Breeze Airways Greensboro
27%
Avelo Airlines Punta Cana
22%
Avelo Airlines Montego Bay
20%
Breeze Airways Vero Beach
12%
Breeze Airways New Bern
0%
No matching quizzes found
Score Distribution
Percent of People with Each Score
Percentile by Number Answered
Your Score History
You have not taken this quiz since the last reset